| Tag |
First Indicator |
Second Indicator |
Subfields |
| LEADER |
00000cam a2200000 4500 |
| 001 |
in00000050790 |
| 005 |
20151007073902.0 |
| 008 |
750519s1951 maua 00000 eng u |
| 010 |
|
|
|a a 53000617
|
| 035 |
|
|
|a (OCoLC)01343300
|
| 035 |
|
|
|9 AAF0557AM
|
| 040 |
|
|
|c TEU
|d TXA
|d UtOrBLW
|
| 049 |
|
|
|a TXAM
|c [230131]
|
| 050 |
|
0 |
|a QK541
|b .D
|
| 090 |
|
|
|a QK541
|b .D8 1951
|
| 092 |
|
|
|a 588.2
|b D917h
|
| 100 |
1 |
|
|a Dunham, Elizabeth Marie.
|
| 245 |
1 |
0 |
|a How to know the mosses ;
|b a popular guide to the mosses of the northeastern United States; containing keys to eighty genera and short descriptions of over one hundred and fifty species, with special reference to the distinguishing characteristics that are apparent without the aid of a lens.
|
| 250 |
|
|
|a [2d ed.].
|
| 264 |
|
1 |
|a Boston :
|b Mosher Press,
|c 1951.
|
| 300 |
|
|
|a xxv, 289 pages :
|b illustrations ;
|c 20 cm.
|
| 336 |
|
|
|a text
|b txt
|2 rdacontent
|
| 337 |
|
|
|a unmediated
|b n
|2 rdamedia
|
| 338 |
|
|
|a volume
|b nc
|2 rdacarrier
|
| 650 |
|
0 |
|a Mosses
|z United States.
|
| 999 |
|
|
|a MARS
|
| 999 |
f |
f |
|s 8937c1e4-82d1-3bb0-b527-1562d863e50e
|i d000ff7d-98bd-3aac-943f-0bc876bfac17
|t 0
|
| 952 |
f |
f |
|p ric
|a Texas A&M University
|b Rellis Campus
|c Joint Library Facility
|d Remote Storage
|t 0
|e QK541 .D8 1951
|h Library of Congress classification
|i unmediated -- volume
|m A14833910689
|
| 998 |
f |
f |
|a QK541 .D8 1951
|t 0
|l Remote Storage
|